000 004150000a22001690004500
003 MACL
005 20160107171939.0
008 160107b xxu||||| |||| 00| 0 eng d
040 _aMACL
_cMACL
041 _aEnglish
082 _a826/BRO
100 _aBrown, John
_924092
245 _aHorae Subsecivae
260 _bOxford University Press
_c1882
_aLondon
650 _aLetters
_929419
942 _cBK
_k826/BRO
_2ddc
999 _c39410
_d39410